Culture Générale - Clic Quiz - La réponse est dans un GIF #2 - Statistiques

Statistiques générales
  • Ce quiz a été pris 268 fois
  • Le résultat moyen est 13 sur 20
Statistiques - réponses
Hint Réponse % Correct
Olive et Tom
92%
Tom Sawyer
85%
The Office
84%
Hey Arnold
77%
Jeanne et Serge
77%
Wimbledon
77%
French Open
74%
Pub Axe
73%
House of Cards
69%
19/05/81
68%
Shameless
66%
US Open
65%
22/11/63
63%
Pub Maaf
63%
Australian Open
59%
30/07/66
57%
11/03/84
54%
Californication
44%
Pub Coyote
39%
Pub Peugeot 806
34%
Aucun quiz correspondant
Distribution des résultats
% des personnes avec chaque résultat
Percentile par nombre de réponses
Votre historique - résultats
Vous n’avez pas pris ce quiz